|
|
|
|
| LEADER |
02105nam a2200541 i 4500 |
| 001 |
nkc20172944548 |
| 003 |
CZ PrNK |
| 005 |
20180309081744.0 |
| 007 |
ta |
| 008 |
180201t20172017xr a f 100 0 cze |
| 015 |
|
|
|a cnb002944548
|
| 020 |
|
|
|a 978-80-02-02768-3
|q (brožováno)
|
| 035 |
|
|
|a (OCoLC)1028178879
|
| 040 |
|
|
|a ABA001
|b cze
|e rda
|
| 043 |
|
|
|a e-xr---
|b e-xr-mr
|2 czenas
|
| 072 |
|
7 |
|a 630
|x Lesnictví
|2 Konspekt
|9 24
|
| 080 |
|
|
|a 630.23
|2 MRF
|
| 080 |
|
|
|a 630.24
|2 MRF
|
| 080 |
|
|
|a 630.2
|2 MRF
|
| 080 |
|
|
|a (437.32-17)
|2 MRF
|
| 080 |
|
|
|a (062.534)
|2 MRF
|
| 111 |
2 |
|
|a Obnova a výchova porostů po kalamitách na severní Moravě (seminář)
|d (2017 :
|c Hrubá Voda, Hlubočky, Česko)
|7 ko2018980824
|4 aut
|
| 245 |
1 |
0 |
|a Obnova a výchova porostů po kalamitách na severní Moravě :
|b sborník příspěvků : 23.11.2017, Hotel Akademie, Hrubá Voda, Hlubočky
|
| 250 |
|
|
|a 1. vydání
|
| 264 |
|
1 |
|a [Praha] :
|b Česká lesnická společnost, z.s.,
|c [2017]
|
| 264 |
|
4 |
|c ©2017
|
| 300 |
|
|
|a 44 stran :
|b ilustrace ;
|c 30 cm
|
| 336 |
|
|
|a text
|b txt
|2 rdacontent
|
| 337 |
|
|
|a bez média
|b n
|2 rdamedia
|
| 338 |
|
|
|a svazek
|b nc
|2 rdacarrier
|
| 500 |
|
|
|a Pod názvem: Česká lesnická společnost, z.s.
|
| 504 |
|
|
|a Obsahuje bibliografie
|
| 650 |
0 |
7 |
|a obnova lesních porostů
|7 ph136605
|z Česko
|2 czenas
|
| 650 |
0 |
7 |
|a výchova lesních porostů
|7 ph135508
|z Česko
|2 czenas
|
| 650 |
0 |
7 |
|a pěstování lesa
|7 ph124859
|z Česko
|2 czenas
|
| 650 |
0 |
9 |
|a afforestation
|z Czechia
|2 eczenas
|
| 650 |
0 |
9 |
|a forest stand tending
|z Czechia
|2 eczenas
|
| 650 |
0 |
9 |
|a forest cultivation
|z Czechia
|2 eczenas
|
| 651 |
|
7 |
|a Morava severní (Česko)
|7 ge130074
|2 czenas
|
| 651 |
|
9 |
|a Moravia, Northern (Czechia)
|2 eczenas
|
| 655 |
|
7 |
|a sborníky konferencí
|7 fd133333
|2 czenas
|
| 655 |
|
9 |
|a proceedings of conferences
|2 eczenas
|
| 710 |
2 |
|
|a Česká lesnická společnost
|7 kn20020911008
|4 orm
|4 isb
|
| 910 |
2 |
|
|a BOA001
|b 4-1402.838
|
| 990 |
|
|
|a BK
|
| 995 |
|
|
|a 01
|
| 991 |
|
|
|b 201803
|c NOV
|
| 996 |
6 |
|
|b 2610732835
|c 4-1402.838
|l MZK
|r Sklad / do 1 hodiny
|n 1
|p p.v.
|w 001650137
|u 000010
|a 1
|e BOA001
|j MZK50
|s P
|